| 000 | 00366nam a2200145Ia 4500 | ||
|---|---|---|---|
| 008 | 150201s1976 xx 000 0 und d | ||
| 082 |
_a617.6 _bE1976O |
||
| 100 | _aORTHODONTICS SOCITY | ||
| 245 | _aEUROPEAN ORTHODONTIC SOCIETY 1976 | ||
| 250 | _a1ST | ||
| 260 |
_bORTHODONTIC SOCIETY _aDELHI _c1976 |
||
| 300 | _a1-340 | ||
| 650 | _aORTHODONTICS | ||
| 942 |
_2ddc _cBK |
||
| 999 |
_c3260 _d3260 |
||